[Event "Vamos nesta I"]
[Site "http://www.queenalice.com/game.php?id=1831960"]
[Date "2024.2.20"]
[Round "-"]
[White "Mateuzao_99"]
[Black "Mlintz"]
[Result "1-0"]
[WhiteElo "2000"]
[BlackElo "1824"]

1. d4 e6 2. e3 Nf6 3. Bd3 d5 4. Nd2 c5 5. c3 c4 6. Bc2 b5 7. a3 Be7 8. f4 Nfd7
9. Ngf3 Bb7 10. O-O Nc6 11. Ne5 Nf6 12. g4 g6 13. Rf3 Nxe5 14. fxe5 Nxg4 15. e4
dxe4 16. Bxe4 Qc7 17. Bxb7 Qxb7 18. Rg3 h5 19. Nf1 Nh6 20. Bxh6 Rxh6 21. Qd2 Rh8
22. Qg2 Qxg2+ 23. Rxg2 g5 24. Ne3 Rd8 25. a4 a6 26. axb5 axb5 27. Ra5 Rb8 28.
Nd1 g4 29. Nf2 f5 30. exf6 Bxf6 31. Ne4 Be7 32. Re2 Bd8 33. Ra7 Be7 34. Nd2 Rh6
35. Nf1 h4 36. Ne3 g3 37. Rxe7+ Kxe7 38. Nf5+ Kd7 39. Nxh6 gxh2+ 40. Rxh2 1-0

[Event "Vamos nesta II"]
[Site "http://www.queenalice.com/game.php?id=1831961"]
[Date "2024.2.20"]
[Round "-"]
[White "Mlintz"]
[Black "Mateuzao_99"]
[Result "1/2-1/2"]
[WhiteElo "1815"]
[BlackElo "2009"]

1. e4 e5 2. Nf3 Nc6 3. c3 d6 4. Be2 Nf6 5. d3 Bg4 6. Bg5 Be7 7. Qc2 O-O 8. Nbd2
h6 9. Bh4 g5 10. Bg3 Kg7 11. h3 Bh5 12. O-O-O Bg6 13. Bh2 a6 14. Kb1 Qb8 15. Ka1
b5 16. a3 a5 17. Rdg1 b4 18. axb4 axb4+ 19. Kb1 Qa7 20. Kc1 Qxf2 21. Nb3 Qe3+
22. Qd2 Qxd2+ 23. Nfxd2 bxc3 24. bxc3 Ra2 25. Kd1 Rfa8 26. Ke1 Na5 27. Kf2 Nxb3
28. Nxb3 Nd7 29. Ra1 Rxa1 30. Rxa1 Rxa1 31. Nxa1 Bd8 32. Kf1 Nc5 33. Bg1 Ne6 34.
g3 f5 35. exf5 Bxf5 36. Kg2 Bf6 37. d4 1/2-1/2

[Event "Challenge"]
[Site "http://www.queenalice.com/game.php?id=1832948"]
[Date "2024.3.8"]
[Round "-"]
[White "Mlintz"]
[Black "Capixaba789"]
[Result "1/2-1/2"]
[WhiteElo "1911"]
[BlackElo "1917"]

1. e4 c6 2. d4 d6 3. Nc3 Nf6 4. Nf3 Bg4 5. Be2 e6 6. b3 Nbd7 7. Bb2 h6 8. h4 e5
9. dxe5 Nxe5 10. Nxe5 Bxe2 11. Nxf7 Bxd1 12. Nxd8 Rxd8 13. Rxd1 Be7 14. g3 O-O
15. f4 Ng4 16. Rd3 h5 17. Nd1 b5 18. a3 a5 19. O-O c5 20. f5 Bf6 21. Bxf6 Nxf6
22. Ne3 Nxe4 23. Kh2 b4 24. a4 Kh7 25. Rf4 Nf6 26. Nd5 Nxd5 27. Rxd5 Kh6 28. Kg2
Rf6 29. Re4 Rd7 30. Re6 Kh7 31. Kf3 Rdf7 32. Rxf6 Rxf6 33. g4 hxg4+ 34. Kxg4 Kh6
35. h5 Kh7 36. Kg5 Kg8 37. Rd3 Kf7 38. c4 Ke7 39. Re3+ Kd7 40. Re6 Rf7 41. Kg6
Rf8 42. f6 gxf6 43. Rxf6 Rh8 44. h6 Ke7 45. Rf7+ Ke6 46. Rh7 Rxh7 47. Kxh7 Kf7
48. Kh8 Kf8 49. Kh7 Kf7 50. Kh8 Kf8 1/2-1/2

[Event "Challenge"]
[Site "http://www.queenalice.com/game.php?id=1832949"]
[Date "2024.3.8"]
[Round "-"]
[White "Capixaba789"]
[Black "Mlintz"]
[Result "1-0"]
[WhiteElo "1927"]
[BlackElo "1850"]

1. d4 e6 2. e4 d5 3. exd5 exd5 4. Nf3 Nf6 5. Bd3 h6 6. Nc3 c6 7. O-O Be7 8. Ne5
Be6 9. f4 g6 10. Qe2 Bf5 11. Re1 Nbd7 12. Bxf5 gxf5 13. Be3 Nxe5 14. fxe5 Ne4
15. Nxe4 fxe4 16. Qh5 Bb4 17. Rf1 Qe7 18. Rf6 Qf8 19. Rxh6 Rxh6 20. Qxh6 O-O-O
21. Qh3+ Kb8 22. c3 Ba5 23. b4 Bc7 24. a4 a6 25. a5 Re8 26. Rf1 Re6 27. Qxe6 1-0

[Event "A Cobra vai fumar"]
[Site "http://www.queenalice.com/game.php?id=1833464"]
[Date "2024.3.14"]
[Round "-"]
[White "Mlintz"]
[Black "Mateuzao_99"]
[Result "0-1"]
[WhiteElo "1840"]
[BlackElo "2022"]

1. e4 c6 2. d3 d5 3. exd5 cxd5 4. d4 Nf6 5. Nc3 a6 6. a4 Bf5 7. Bd3 Bg6 8. Nf3
e6 9. Ne5 Nbd7 10. Nxg6 hxg6 11. h3 Bd6 12. g4 Qc7 13. Bd2 Bf4 14. a5 Bxd2+ 15.
Qxd2 Nxg4 16. f3 Qg3+ 17. Kd1 Qxf3+ 18. Kc1 Qxh1+ 0-1

[Event "C - da Cobra x C - do Minhocussu"]
[Site "http://www.queenalice.com/game.php?id=1833465"]
[Date "2024.3.14"]
[Round "-"]
[White "Mateuzao_99"]
[Black "Mlintz"]
[Result "1/2-1/2"]
[WhiteElo "2057"]
[BlackElo "1844"]

1. Nf3 Nf6 2. g3 d5 3. d3 e6 4. Bg2 c6 5. O-O Be7 6. c3 b5 7. Nbd2 Bb7 8. b3 a5
9. Bb2 c5 10. a3 O-O 11. Re1 Nbd7 12. h3 Qc7 13. Rc1 Qb6 14. Qc2 e5 15. e4 Rfc8
16. exd5 Nxd5 17. Nxe5 Nxe5 18. Rxe5 Qd6 19. Rce1 Bf6 20. R5e2 Rab8 21. Ne4 Qd8
22. Nxf6+ Nxf6 23. Bxb7 Rxb7 24. c4 Kf8 25. Re3 Qd6 26. Rd1 Nd7 27. d4 cxd4 28.
Bxd4 1/2-1/2

[Event "Challenge"]
[Site "http://www.queenalice.com/game.php?id=1833581"]
[Date "2024.3.15"]
[Round "-"]
[White "Mlintz"]
[Black "Charles56"]
[Result "1-0"]
[WhiteElo "1884"]
[BlackElo "1726"]

1. e4 e5 2. Nf3 d6 3. d4 a6 4. dxe5 dxe5 5. Qxd8+ Kxd8 6. Nxe5 Be6 7. Bc4 Bxc4
8. Nxc4 Nc6 9. c3 h6 10. O-O Nf6 11. e5 Nd7 12. f4 b5 13. Nca3 Bc5+ 14. Kh1 Ke7
15. Nc2 Bb6 16. Be3 Bxe3 17. Nxe3 g6 18. Nd2 f6 19. exf6+ Kxf6 20. Rae1 Rhe8 21.
Nd5+ Kg7 22. Nxc7 Rxe1 23. Rxe1 Ra7 24. Nd5 Nf6 25. Nxf6 Kxf6 26. g3 a5 27. Kg2
Rd7 28. Re2 Re7 29. Rxe7 Kxe7 30. Kf3 Kf6 31. g4 g5 32. Ne4+ Kg6 33. f5+ Kf7 34.
Nd6+ Ke7 35. Nxb5 Ne5+ 36. Kg3 a4 37. b4 Nc4 38. Nd4 Nd6 39. Kf3 a3 40. b5 Kf6
41. Ke3 Ke5 42. Kd3 Kf4 43. f6 Kxg4 44. b6 Kh3 45. f7 Nxf7 46. b7 1-0

[Event "Challenge"]
[Site "http://www.queenalice.com/game.php?id=1833582"]
[Date "2024.3.15"]
[Round "-"]
[White "Charles56"]
[Black "Mlintz"]
[Result "0-1"]
[WhiteElo "1768"]
[BlackElo "1882"]

1. e4 e5 2. Nf3 Qe7 3. a3 g6 4. Nc3 c6 5. Bc4 Bg7 6. d3 Nf6 7. Ng5 O-O 8. Be3 d6
9. Qf3 Ng4 10. h3 Nxe3 11. Qxe3 Nd7 12. h4 Nf6 13. f3 Bh6 14. g3 Kg7 15. f4 Ng4
16. Qd2 d5 17. exd5 cxd5 18. Nxd5 Qd8 19. fxe5 Nxe5 20. Qc3 f6 21. Nh3 Nf3+ 22.
Kf2 Bg4 23. Ndf4 Qb6+ 24. Kg2 Rfe8 25. d4 Nxd4 26. Rhe1 Bf3+ 27. Kh2 Bg4 28.
Rxe8 Rxe8 29. Nf2 Bxf4 30. gxf4 Bh5 31. Rf1 Nf3+ 32. Kg3 Re3 33. Qb4 Nd2+ 34.
Kg2 Qxb4 35. axb4 Nxc4 36. b3 Nd2 37. Ra1 a6 38. b5 axb5 39. Nd1 Re2+ 40. Kg3
Ne4+ 41. Kh3 Re1 42. Kg2 Rxd1 0-1

[Event "Let's Play Chess!"]
[Site "http://www.queenalice.com/game.php?id=1834028"]
[Date "2024.3.23"]
[Round "-"]
[White "Charles56"]
[Black "Mlintz"]
[Result "0-1"]
[WhiteElo "1763"]
[BlackElo "1911"]

1. e4 c5 2. Nf3 d6 3. Nc3 e6 4. a3 a6 5. Bc4 b5 6. Ba2 Nf6 7. d3 Bb7 8. h3 Be7
9. Bg5 Nc6 10. Qe2 b4 11. axb4 Nxb4 12. Bb3 h6 13. Bh4 Nd7 14. Bxe7 Qxe7 15. Ba4
O-O 16. Bb3 Qf6 17. g3 Nb6 18. Na4 Nxa4 19. Rxa4 Qxb2 20. O-O Qf6 21. c3 Qxc3
22. Ra3 Nxd3 23. Rd1 c4 24. Qc2 Qxc2 25. Bxc2 Bxe4 26. Bxd3 Bxd3 27. Ne1 d5 28.
Nxd3 cxd3 29. Rdxd3 a5 30. Ra4 Ra7 31. f4 Rb8 32. Rdd4 Rb2 33. f5 Rc7 34. Rd1
Rcc2 35. Rxa5 Rg2+ 36. Kf1 Rbf2+ 37. Ke1 Rxf5 38. g4 Re5+ 39. Kf1 Ree2 40. Ra3
Ref2+ 41. Ke1 Rh2 42. Rda1 Rb2 0-1

[Event "Let's Play Chess!"]
[Site "http://www.queenalice.com/game.php?id=1834029"]
[Date "2024.3.23"]
[Round "-"]
[White "Mlintz"]
[Black "Charles56"]
[Result "1-0"]
[WhiteElo "1921"]
[BlackElo "1753"]

1. d4 d5 2. c4 dxc4 3. e4 h6 4. Qa4+ Qd7 5. Qxc4 e6 6. Nf3 Bd6 7. e5 Be7 8. Be2
b6 9. O-O Ba6 10. Qc2 Bxe2 11. Qxe2 a6 12. a3 Nc6 13. Rd1 g5 14. Be3 f5 15. h3
f4 16. Bc1 h5 17. Nh2 Nh6 18. Qxh5+ Kf8 19. Ng4 Kg7 20. Nf6 Bxf6 21. exf6+ Kxf6
22. Nc3 Qd5 23. f3 Nf5 24. Ne4+ Qxe4 25. Qxh8+ Rxh8 26. fxe4 Nfxd4 27. b4 e5 28.
Bb2 Ne2+ 29. Kf2 Ng3 30. Kf3 Ke6 31. Rd3 b5 32. Rad1 Rh7 33. Rd5 Rg7 34. Rc1
Nd4+ 35. Bxd4 exd4 36. Rxd4 Ke5 37. Rd5+ Ke6 38. Rc6+ Kf7 39. Rd7+ Kg8 40. Rxg7+
Kxg7 41. Rxc7+ Kf6 42. Rc6+ Ke5 43. Rc5+ Kd4 44. Rxg5 Nxe4 45. Kxf4 Nxg5 46.
Kxg5 1-0

[Event "Let's Play Chess!"]
[Site "http://www.queenalice.com/game.php?id=1834044"]
[Date "2024.3.24"]
[Round "-"]
[White "Mlintz"]
[Black "Charlie"]
[Result "1-0"]
[WhiteElo "1895"]
[BlackElo "1901"]

1. e4 c6 2. d4 d5 3. e5 Bf5 4. Nf3 h6 5. Nc3 e6 6. Be2 Bb4 7. Bd2 a5 8. a4 Ne7
9. O-O Ng6 10. h3 Nd7 11. Na2 c5 12. c3 cxd4 13. cxb4 d3 14. Bxd3 Bxd3 15. Re1
b6 16. Bxh6 Rxh6 17. Qxd3 Nf4 18. Qe3 Ng6 19. Qd2 Rc8 20. Rac1 Ra8 21. Rc2 Qb8
22. bxa5 Ngxe5 23. Nxe5 Nxe5 24. b3 Rg6 25. Qe3 Nd7 26. axb6 Qxb6 27. Qxb6 Nxb6
28. Rc7 Nd7 29. Rec1 Ke7 30. Rb7 Rd8 31. Rcc7 f5 32. Nb4 Rh8 33. Rxd7+ Kf6 34.
f4 Rxh3 35. Rf7# 1-0

[Event "Let's Play Chess!"]
[Site "http://www.queenalice.com/game.php?id=1834045"]
[Date "2024.3.24"]
[Round "-"]
[White "Charlie"]
[Black "Mlintz"]
[Result "0-1"]
[WhiteElo "1875"]
[BlackElo "1923"]

1. e4 e5 2. Nf3 Nc6 3. d4 exd4 4. Bc4 f6 5. O-O d6 6. c3 dxc3 7. Nxc3 Bg4 8. Qd5
Qe7 9. Nh4 g6 10. Re1 a6 11. Bd2 Bc8 12. a3 Ne5 13. Ba2 c6 14. Qb3 Bg7 15. Ne2
b5 16. Qc2 Be6 17. Bc3 Bxa2 18. Rxa2 Qe6 19. b3 Ne7 20. Nd4 Qf7 21. Nhf3 O-O 22.
a4 c5 23. Nxe5 dxe5 24. Nf3 b4 25. Bb2 Rac8 26. Qe2 a5 27. Qe3 Qe6 28. Raa1 Rfd8
29. Rac1 Qb6 30. Nd2 Qa7 31. Nc4 Nc6 32. Rcd1 Nd4 33. Bxd4 cxd4 34. Qh3 Qa6 35.
Rd3 Rc5 36. f3 Rdc8 37. Qd7 R5c7 38. Qd5+ Kh8 39. Qxa5 Qxa5 40. Nxa5 Rc3 41.
Rxc3 dxc3 42. Nc4 Bf8 43. Rc1 Bc5+ 44. Kf1 Bd4 45. Rb1 Rxc4 46. bxc4 b3 47. Ke2
c2 48. Rxb3 c1=Q 0-1

[Event "Colatina x Vila Velha"]
[Site "http://www.queenalice.com/game.php?id=1834350"]
[Date "2024.3.30"]
[Round "-"]
[White "Mlintz"]
[Black "Mateuzao_99"]
[Result "1/2-1/2"]
[WhiteElo "1954"]
[BlackElo "1985"]

1. e4 e5 2. Nf3 Nc6 3. c3 Bc5 4. Be2 a5 5. O-O d6 6. d4 Bb6 7. Be3 Nf6 8. dxe5
dxe5 9. Bxb6 Qxd1 10. Rxd1 cxb6 11. Nbd2 O-O 12. a4 h6 13. h3 Be6 14. Nh2 Rfd8
15. f3 Rd7 16. Ndf1 Rad8 17. Rxd7 Rxd7 18. Rd1 Bb3 19. Rxd7 Nxd7 20. Bb5 Nf6 21.
Nd2 Be6 22. Nhf1 Kf8 23. Nc4 Nd7 24. Nfe3 Ke7 25. Nc2 f6 26. Kf2 Bf7 1/2-1/2

[Event "Challenge"]
[Site "http://www.queenalice.com/game.php?id=1834688"]
[Date "2024.4.7"]
[Round "-"]
[White "Mlintz"]
[Black "Capixaba789"]
[Result "1/2-1/2"]
[WhiteElo "1937"]
[BlackElo "1959"]

1. e4 b6 2. Nc3 e5 3. Nf3 Nc6 4. d4 exd4 5. Nxd4 Bb7 6. Nf3 d6 7. Bc4 Be7 8. h4
Nf6 9. Qe2 Ne5 10. Bb3 h6 11. Bd2 c5 12. Nxe5 dxe5 13. g3 Qc7 14. Ba4+ Bc6 15.
Bxc6+ Qxc6 16. O-O-O O-O-O 17. Nb5 Qb7 18. f3 a6 19. Nc3 Kb8 20. g4 Ka8 21. g5
hxg5 22. hxg5 Nh5 23. Rdg1 g6 24. Nd5 Bd6 25. Rg4 Ng3 26. Qd1 Rxh1 27. Be1 Nh5
28. c4 Nf4 1/2-1/2

[Event "Challenge"]
[Site "http://www.queenalice.com/game.php?id=1834689"]
[Date "2024.4.7"]
[Round "-"]
[White "Capixaba789"]
[Black "Mlintz"]
[Result "1/2-1/2"]
[WhiteElo "1947"]
[BlackElo "1902"]

1. d4 e6 2. e4 d5 3. exd5 exd5 4. Nf3 Be7 5. Bd3 Nf6 6. O-O O-O 7. Re1 Bg4 8.
Qe2 Bd6 9. Nbd2 c5 10. dxc5 Bxc5 11. c3 a5 12. Qd1 Nc6 13. Qc2 h6 14. Be2 Re8
15. Qd1 Ne4 16. Nxe4 dxe4 17. Nd4 Bxe2 18. Nxe2 Qf6 19. Rf1 Ne5 20. Ng3 Nc4 21.
Qd5 Qc6 22. Qxc5 Qxc5 1/2-1/2

[Event "Challenge"]
[Site "http://www.queenalice.com/game.php?id=1835245"]
[Date "2024.4.17"]
[Round "-"]
[White "Capixaba789"]
[Black "Mlintz"]
[Result "1/2-1/2"]
[WhiteElo "1986"]
[BlackElo "1955"]

1. d4 e6 2. e4 d5 3. exd5 exd5 4. Nf3 Nf6 5. Bd3 Nc6 6. O-O Be7 7. c3 O-O 8. Be3
Re8 9. Nbd2 a6 10. Qc2 Bf8 11. Ng5 h6 12. Ngf3 Na7 13. Ne5 Be6 14. f4 Ng4 15.
Nxg4 Bxg4 16. Rae1 c6 17. Nf3 Bxf3 18. Rxf3 Nb5 19. a4 Nd6 20. f5 Qh4 21. Rh3
Qd8 1/2-1/2